| 000 | 00680nam a22002297a 4500 | ||
|---|---|---|---|
| 005 | 20230918144218.0 | ||
| 008 | 230918b ||||| |||| 00| 0 eng d | ||
| 020 | _a9789391166625 | ||
| 040 |
_aIN-DiNC _cIN-DiNC |
||
| 041 | _deng | ||
| 082 |
_a338.5 _bMUK |
||
| 100 |
_aMukherjee, Sampat _eauthor |
||
| 245 |
_aAnalytical microeconomics (exchange production pricing and welfare)/ _cby Sampat Mukherjee and David Miller |
||
| 250 | _a1st imp. | ||
| 260 |
_aNew Delhi: _bGlobal net publication, _c2022. |
||
| 300 | _a648+19p. | ||
| 650 | _aWelfare economics | ||
| 650 | _aConsumer behaviour | ||
| 650 | _aGame theory | ||
| 700 |
_aMiller, David _eauthor |
||
| 942 |
_2ddc _cBK |
||
| 999 |
_c11647 _d11647 |
||